Les 50 plus gros achats de Chelsea - Statistiques

Statistiques générales
  • Ce quiz a été pris 963 fois
    43 depuis la dernière actualisation
  • Le résultat moyen est 37 sur 50
Statistiques - réponses
Classement Saison Montant du transfert Club précédent Joueurs % Correct
1 2022/2023 121M€ Benfica Enzo Fernandez
100%
- 2020/2021 80M€ Bayer Leverkusen Kai Havertz
100%
7 2022/2023 70M€ Shakhtar Donetsk Mykhaïlo Mudryk
100%
9 2022/2023 65M€ Brighton Marc Cucurella
97%
10 2018/2019 64M€ Borussia Dortmund Christian Pulisic
94%
11 2025/2026 63M€ Brighton João Pedro
94%
4 2018/2019 80M€ Athletic Bilbao Kepa Arrizabalaga
94%
2 2023/2024 116M€ Brighton Moisés Caicedo
94%
- 2024/2025 60M€ Wolverhampton Pedro Neto
94%
3 2021/2022 113M€ Inter Milan Romelu Lukaku
94%
13 2023/2024 60M€ RB Leipzig Christopher Nkunku
92%
- 2022/2023 80M€ Leicester City Wesley Fofana
92%
- 2023/2024 45M€ AS Monaco Axel Disasi
89%
12 2023/2024 62M€ Southampton FC Roméo Lavia
89%
42 2012/2013 35M€ LOSC Eden Hazard
86%
- 2025/2026 56M€ Borussia Dortmund Jamie Gittens
86%
38 2016/2017 36M€ Leicester City N'Golo Kanté
86%
- 2022/2023 38M€ AS Monaco Benoît Badiashile
83%
22 2023/2024 47M€ Manchester City Cole Palmer
83%
17 2022/2023 56M€ Manchester City Raheem Sterling
83%
23 2025/2026 46M€ Manchester United Alejandro Garnacho
81%
- 2016/2017 35M€ Paris Saint-Germain David Luiz
81%
32 2004/2005 38,5M€ Olympique de Marseille Didier Drogba
81%
46 2025/2026 34M€ SE Palmeiras Estêvão Willian
81%
15 2010/2011 58,5M€ Liverpool FC Fernando Torres
81%
- 2025/2026 44M€ Ajax Amsterdam Jorrel Hato
81%
- 2025/2026 35,5M€ Ipswich Town Liam Delap
78%
21 2020/2021 50M€ Leicester City Ben Chilwell
75%
16 2018/2019 57M€ Naples Jorginho
75%
24 2019/2020 45M€ Real Madrid Mateo Kovacic
75%
19 2020/2021 53M€ RB Leipzig Timo Werner
75%
8 2017/2018 66M€ Real Madrid Alvaro Morata
72%
- 2020/2021 40M€ Ajax Amsterdam Hakim Ziyech
69%
20 2024/2025 52M€ Atlético Madrid João Félix
69%
- 2022/2023 35M€ PSV Eindhoven Noni Madueke
69%
- 2017/2018 35M€ AS Rome Antonio Rüdiger
64%
37 2023/2024 37M€ Villarreal CF Nicolas Jackson
64%
39 2013/2014 35,5M€ Anzhi Makhachkala Willian
64%
- 2014/2015 38M€ Atlético Madrid Diego Costa
61%
29 2017/2018 40M€ AS Monaco Tiémoué Bakayoko
61%
- 2017/2018 38M€ Leicester City Danny Drinkwater
58%
28 2022/2023 42M€ Naples Kalidou Koulibaly
56%
31 2016/2017 39M€ Olympique de Marseille Michy Batshuayi
56%
41 2024/2025 35,4M€ Leicester City Kiernan Dewsbury-Hall
53%
26 2006/2007 44M€ Milan AC Andriy Shevchenko
50%
33 2005/2006 38M€ Olympique Lyonnais Michael Essien
50%
47 2014/2015 33M€ FC Barcelone Cesc Fabregas
44%
48 2012/2013 32M€ Internacional Oscar
44%
50 2014/2015 31M€ Fiorentina Juan Cuadrado
25%
49 2005/2006 31,5M€ Manchester City Shaun Wright-Phillips
11%
Aucun quiz correspondant
Distribution des résultats
% des personnes avec chaque résultat
Percentile par nombre de réponses
Votre historique - résultats
Vous n’avez pas pris ce quiz depuis la dernière actualisation